| 000 | 00651nam a2200229Ia 4500 | ||
|---|---|---|---|
| 005 | 20241216010044.0 | ||
| 008 | 180423s9999||||xx |||||||||||||| ||und|| | ||
| 020 | _a84-7112-404-1 | ||
| 082 |
_a370 _bM22 |
||
| 100 | _aMANZANO, PABLO | ||
| 245 | 0 |
_aVOLVER A PENSAR LA EDUCACION _bPRACTICAS Y DISCURSOS EDUCATIVOS |
|
| 250 | _a0 | ||
| 260 |
_aMADRID-ESPAÑA _bMORATA _c1995 |
||
| 300 |
_a407 pag. _c24 cm |
||
| 341 | _h0 | ||
| 490 |
_v2 _a0 |
||
| 505 | _aVIVIR TRABAJAR-EVALUACION/FUNCION DOCENTE-CONOCIMIENTO PEDAG | ||
| 541 |
_aC _bGRUPO COMERCIAL LOS ANDES _d21-May-97 |
||
| 650 | _aCIENCIAS SOCIALES | ||
| 856 | _zHumanidades | ||
| 942 | _cLIBRO | ||
| 999 |
_c4332 _d4332 |
||